| 000 | 00515nam a22001937a 4500 | ||
|---|---|---|---|
| 003 | MPLRDC | ||
| 005 | 20220104195512.0 | ||
| 008 | 210129b ||||| |||| 00| 0 eng d | ||
| 020 | _a978-986-213-226-5 | ||
| 082 | _a176.5 POL | ||
| 100 | _aDAVID J. POLLAY | ||
| 245 |
_a垃圾车法则 _c罗耀宗 译 |
||
| 250 | _a初版一刷 | ||
| 260 |
_a台湾 _b大块文化出版股份有限公司 _c2011 |
||
| 300 | _b平 | ||
| 490 | _aSMILE 101 | ||
| 650 | _a心理过程--情绪;感情 | ||
| 942 |
_cBK _o176.5 POL |
||
| 999 |
_c66213 _d66203 |
||